Quizzes
Events
Quiz Creation
Community
Videos
Private Events
Remove Ads
Sign In
Join for FREE
Feedback
Dark Mode
Quiz Categories
Sports
Geography
Music
Movies
Television
Just For Fun
Miscellaneous
History
Literature
Language
Science
Gaming
Entertainment
Religion
Holiday
For Kids
Quiz Lab
Recent
Popular Today
Quiz Kudos Today
Editor Picks
Curator Picks
Quizzes by...
Day
Popularity
Type
Ratings
Length
Year
Community
Subscriptions
Recent Discussions
Orange Saloon
Badges
Playlists
Quests
Create
Leaderboards
Showdown
Live 5
Trivia Bingo
Activity
Puzzle Library
Sporcle Events
Private Events
Virtual Trivia
Globe League
Become a Host
Pub Owners
SporcleCon
Opinionation
Our Games
Videos
Blog
Mobile Apps
Partnerships
Remove Ads and Go Orange
Feedback
Religion
Mythology
Religious Music
World Religions
Bible
Christianity
Catholicism
Judaism
Church
Scripture
Islam
Verse
Religion
Mythology
Religious Music
World Religions
Bible
Christianity
Catholicism
Judaism
Church
Scripture
Islam
Verse
Random Quiz
Search Sporcle
×
Quiz Lab
Quiz Lab
Religion
Catholicism
Type in answers that appear in a list
Type in answers that appear in a list
Classic
Best Score? Go Orange.
Order of the Catholic Mass Stats
Can you name the rites in the order of the Roman Catholic Mass?
By
Scyphus
7m
33 Questions
722 Plays
722 Plays
722 Plays
Comments
Comments
Give Quiz Kudos
Give Quiz Kudos
-
- Ratings
hide this ad
More Info
Replay
Link that replays current quiz
Next Quiz
Link to next quiz in quiz playlist
You Got
0%
They Got
Avg Score
47%
Avg Friend Score
Upgrade to see
Score Distribution
Jump to the score distribution portion of the page
Score
0/33
Timer
07:00
0
Plays Today
Part of the Mass
Rite
% Correct
Liturgy of the Word
Gospel
84.1%
Liturgy of the Word
First Reading
80.9%
Liturgy of the Word
Second Reading
79.8%
Liturgy of the Word
Homily
75.1%
Liturgy of the Word
Responsorial Psalm
70.9%
Liturgy of the Eucharist
Communion
68%
Liturgy of the Word
Profession of Faith
65.4%
Liturgy of the Eucharist
Lord's Prayer
61.2%
Introductory Rites
Gloria
60.9%
Liturgy of the Word
Alleluia
60.5%
Introductory Rites
Collect
56.8%
Concluding Rite
Blessing
56.6%
Liturgy of the Eucharist
Rite of Peace
56%
Liturgy of the Eucharist
Breaking of the Bread
54.2%
Introductory Rites
Entrance Antiphon
52.8%
Liturgy of the Eucharist
Preparation of the Gifts
48.6%
Liturgy of the Eucharist
Sanctus
48.6%
Part of the Mass
Rite
% Correct
Introductory Rites
Greeting
48.1%
Concluding Rite
Greeting
48.1%
Introductory Rites
Kyrie Eleison
41.3%
Liturgy of the Word
General Intercessions
40%
Liturgy of the Eucharist
Eucharistic Prayer
38.8%
Liturgy of the Eucharist
Great Amen
38.1%
Introductory Rites
Penitential Rite
36.6%
Concluding Rite
Dismissal
34.6%
Liturgy of the Eucharist
Prayer over the Gifts
31.6%
Liturgy of the Eucharist
Prayer after Communion
29.4%
Liturgy of the Eucharist
Memorial Acclamation
28.4%
Liturgy of the Eucharist
Preface
26.2%
Liturgy of the Eucharist
Doxology
21.5%
Liturgy of the Eucharist
Communion Antiphon
16.2%
Liturgy of the Eucharist
Period of Silence
14.8%
Liturgy of the Eucharist
Introductory Dialogue
6.1%
Quiz Playlist
Details
Report
Send in Message
Add To Playlist
More Info:
Enter the parts of the Roman Catholic Mass on a Sunday in Ordinary Time
Classic:
Type in answers that appear in a list
Quiz Source
Last Updated: Feb 16, 2017
Quiz Scoreboard
CHALLENGE
Sign Up to Join the Scoreboard
Show All
Scores
Hide
Comments
May contain spoilers
Recently Published
Movies - When Are They Set?
by FPL_Elf
Movies
5m
Popular People in 1961
by mucciniale
History
6m
1-10 Letter E Words III
by El_Dandy
Language
2m
More to Explore
Quiz From the Vault
Featured Blog Post
Where Did the Easter Bunny Come From?
hide this ad
You Might Also Like...
Tags
Catholicism Quiz
catholic
mass
Order
rite
Roman
Today's Top Quizzes in Religion
Browse Religion
hide this ad
Today's Top Quizzes in Catholicism
Browse Catholicism
Top Contributed Quizzes in Religion
1
10 to 1: Islam
2
Religion Who Wants To Be A Millionaire
3
10 to 1: Protestantism
4
10 to 1: Norse Religion
5
10 to 1: Judaism
6
10 to 1: Hinduism
7
One Thing in Common: Mythology
8
Names of Surahs in the Quran
9
Order Up: Seven Last Words of Christ
10
One Thing in Common: Mythology II
Explore More
Trending Topics
Kpop
Disney
Anime
Marvel
Harry Potter
Crossword
NBA
Soccer
WWE
Pokémon
NFL
Puzzle
Country
The Office
Song
hide this ad
More By:
Scyphus
Quiz
Plays
Rating
Category
Featured
Created
Union Cities (1860)
91,322
4.33
History
Nov 9, 2009
U.S. Slave Population (1860)
4,941
4.19
History
Nov 11, 2009
Civil War Battle Casualties
3,007
4.26
History
Nov 11, 2009
Maryland County Seats
1,395
3.80
Geography
Nov 13, 2009
Order of the Catholic Mass
722
5.00
Religion
Dec 18, 2010
Go to Creator's Profile
Score Distribution
Quiz Creator Spotlight
Scyphus
Follow
Send a Message
Quizzes Created
-
Created Quiz Play Count
-
More By This Creator
Popular Quizzes Today
1
Find the Countries of Europe - No Outlines Minefield
2
Find the US States - No Outlines Minefield
3
The Countries of the World
4
Popular People in 1961
5
1-10 Letter E Words III
6
US States
7
Find the US States
8
One Thing in Common: World Cities II
More Religion Quizzes
Norse Mythology Venn Diagram
Editor's Pick
Trending Quizzes
Risky Map Clicking: Least Populous States A-Z
Humor Books: The Subtitles
1-10 Letter F Words
1-10 Letter G Words
One Thing in Common: United Kingdom
Recently Updated
Leaping Animals
pecheneg
Reality TV Shows (A-Z)
bhenderson79
Rickey Henderson's Hall of Fame Teammates
pecheneg
Champions League XIs: Arsenal
pecheneg
Quick Pick: Celebrities in WWE's Hall of Fame
aduchscher
A-Z Keypad Blitz II
pecheneg
Multiple Oscar Actors
pecheneg
Mystery Phrase Blitz: Oscar 'Best Actors'
pecheneg
F. Scott Fitzgerald Novels
LTH
Pick 3 Villains
ddd62291
Trending Topics
NBA
Marvel
Disney
Kpop
Anime
Harry Potter
Crossword
Soccer
WWE
Puzzle
The Office
Song
NFL
Pokémon
Country
Your Account Isn't Verified!
In order to create a playlist on Sporcle, you need to verify the email address you used during registration. Go to your
Sporcle Settings
to finish the process.
Report this User
Report this user for behavior that violates our
Community Guidelines
.
Details:
Send Report
Go to the Sporcle.com Mobile Site →
Comments